000 00677nam a2200205 4500
001 108442
003 ES-MaACL
005 20230906184637.0
007 t|
008 061121s1951 mx r ||||1| spa d
100 1 _aMondragón, Magdalena.
_982152
245 1 0 _a2 obras de teatro /
_cMagdalena Mondragón.
260 _aMéxico :
_bGráfs. de Divulgación de la Secretaría de Educación Pública,
_c1951.
300 _a94 p., 2 lám ;
_c19 cm.
490 1 _aMéxico-Grupo América
505 8 _aContiene: La sirena que llevaba el mar. El mundo perdido
830 0 _aMéxico-Grupo América
_9232939
852 _aES-MaACL
_j1988-F-7
_bR.34162
999 _c108442
_d108442